[Event "Reunion op 15th"]
[White "Olivier, Tom"]
[Black "Rajaonson, Andriamahenina"]
[Site "St Denis"]
[Round "7"]
[Result "1/2-1/2"]
[Date "2013.10.17"]
[WhiteElo "1739"]
[BlackElo "1904"]
[PlyCount "71"]
[EventDate "2013.10.12"]
[EventType "swiss"]
[EventRounds "9"]
[EventCountry "RUF"]
[SourceTitle "EXT 2014"]
[Source "ChessBase"]
[SourceDate "2013.11.20"]
[SourceVersion "1"]
[SourceVersionDate "2013.11.20"]
[SourceQuality "1"]

1. d4 f5 2. Nf3 Nf6 3. c3 d5 4. e3 e6 5. Bd3 Bd6 6. 0-0 0-0 7. c4 c6 8. Nc3 Ne4 9. Ne5 Bxe5 10. dxe5 Nd7 11. f4 Ndc5 12. Bxe4 dxe4 13. b3 Qa5 14. Qc2 Rd8 15. Bd2 Qb6 16. Rfe1 Bd7 17. Rab1 Be8 18. Na4 Nxa4 19. bxa4 Qc7 20. Bc3 c5 21. Red1 Rxd1+ 22. Rxd1 Rd8 23. Qb3 Rd3 24. Rxd3 exd3 25. Bd2 Bc6 26. Qxd3 Bxa4 27. Kf2 Kf7 28. Bc3 a6 29. Qd6 Qxd6 30. exd6 g6 31. Ke2 Bc6 32. g3 Ke8 33. Be5 Kd7 34. Kd2 Kc8 35. Kc3 Kd7 36. Kb3 1/2-1/2

[Event "Reunion op 15th"]
[White "Meier, Kurt"]
[Black "Olivier, Tom"]
[Site "St Denis"]
[Round "4"]
[Result "1/2-1/2"]
[Date "2013.10.14"]
[WhiteElo "1963"]
[BlackElo "1739"]
[PlyCount "96"]
[EventDate "2013.10.12"]
[EventType "swiss"]
[EventRounds "9"]
[EventCountry "RUF"]
[SourceTitle "EXT 2014"]
[Source "ChessBase"]
[SourceDate "2013.11.20"]
[SourceVersion "1"]
[SourceVersionDate "2013.11.20"]
[SourceQuality "1"]

1. e4 c6 2. d4 d5 3. e5 Bf5 4. Ne2 e6 5. Ng3 Bg6 6. h4 h6 7. h5 Bh7 8. Bd3 Bxd3 9. cxd3 Nd7 10. 0-0 Ne7 11. Be3 Qb6 12. b3 f5 13. exf6 Nxf6 14. Nc3 Nc8 15. Na4 Qc7 16. Qe2 Kf7 17. Rae1 Qd7 18. Bf4 Bb4 19. Nc5 Bxc5 20. dxc5 Re8 21. d4 Ne7 22. Be5 Neg8 23. f4 Ne7 24. Rf2 Nf5 25. Bxf6 gxf6 26. Qd3 Rg8 27. Nxf5 exf5 28. Rfe2 Rae8 29. Rxe8 Rxe8 30. Rxe8 Qxe8 31. Qxf5 Qe1+ 32. Kh2 Qh4+ 33. Qh3 Qxf4+ 34. g3 Qd2+ 35. Kh1 Qd1+ 36. Kg2 Qe2+ 37. Kg1 Qe1+ 38. Kh2 Qf2+ 39. Kh1 Qf3+ 40. Kh2 f5 41. Qh4 Qf2+ 42. Kh1 Qxa2 43. Qf4 Qb1+ 44. Kh2 Qc2+ 45. Kh3 Qe4 46. Qc7+ Kf6 47. Qd8+ Kf7 48. Qd7+ Kg8 1/2-1/2

[Event "Reunion op 14th"]
[White "Olivier, Tom"]
[Black "Han Yee Yu, Jerome"]
[Site "St Denis"]
[Round "8"]
[Result "1-0"]
[Date "2012.10.12"]
[WhiteElo "1760"]
[BlackElo "1603"]
[PlyCount "67"]
[EventDate "2012.10.06"]
[EventType "swiss"]
[EventRounds "9"]
[EventCountry "RUF"]
[SourceTitle "EXT 2013"]
[Source "ChessBase"]
[SourceDate "2012.11.22"]
[SourceVersion "1"]
[SourceVersionDate "2012.11.22"]
[SourceQuality "1"]

1. d4 Nf6 2. Nf3 g6 3. c3 Bg7 4. Bg5 d5 5. Nbd2 0-0 6. e3 Nbd7 7. Bd3 b6 8. 0-0 Bb7 9. Re1 Rc8 10. h3 c5 11. Bc2 h6 12. Bh4 g5 13. Bg3 Re8 14. Ne5 Nxe5 15. Bxe5 Nd7 16. Bxg7 Kxg7 17. Nf3 c4 18. e4 dxe4 19. Bxe4 Bxe4 20. Rxe4 f5 21. Re2 Qc7 22. Qc2 Qf4 23. Rae1 Kf7 24. Ne5+ Nxe5 25. Rxe5 e6 26. R1e3 g4 27. hxg4 Qxg4 28. Re2 Qg6 29. Qa4 Re7 30. d5 Rce8 31. d6 Rb7 32. Qc6 Reb8 33. d7 Qg8 34. Rxe6 1-0

[Event "Reunion op 14th"]
[White "Dijoux, Julien"]
[Black "Olivier, Tom"]
[Site "St Denis"]
[Round "6"]
[Result "1-0"]
[Date "2012.10.11"]
[WhiteElo "1883"]
[BlackElo "1760"]
[PlyCount "107"]
[EventDate "2012.10.06"]
[EventType "swiss"]
[EventRounds "9"]
[EventCountry "RUF"]
[SourceTitle "EXT 2013"]
[Source "ChessBase"]
[SourceDate "2012.11.22"]
[SourceVersion "1"]
[SourceVersionDate "2012.11.22"]
[SourceQuality "1"]

1. d4 d5 2. Nf3 Nf6 3. g3 c6 4. Bg2 e6 5. 0-0 Be7 6. b3 0-0 7. Bb2 Nbd7 8. c4 Ne4 9. Nc3 Nxc3 10. Bxc3 Re8 11. Re1 Nf6 12. Nd2 Rb8 13. e4 dxe4 14. Nxe4 Nxe4 15. Bxe4 Bf6 16. Qc2 g6 17. Rad1 Qc7 18. f4 b6 19. c5 Bb7 20. Rd2 Bg7 21. Bb2 Red8 22. Red1 Rd7 23. b4 b5 24. Rd3 a6 25. Bc1 Rdd8 26. Be3 Qd7 27. R3d2 Ra8 28. Qc3 Kf8 29. Bf3 h5 30. h3 Qe7 31. Kg2 Rd7 32. g4 hxg4 33. hxg4 Qf6 34. Kg3 Rdd8 35. g5 Qf5 36. Bf2 Ke7 37. Rh1 Rh8 38. Rdd1 Kd7 39. Rde1 Rac8 40. Be4 Rxh1 41. Bxf5 Rxe1 42. Bxg6 Rh1 43. Be4 Rhh8 44. Bf3 f5 45. gxf6 Bxf6 46. Kg2 Rcg8+ 47. Kf1 Rh2 48. Qd3 Ke7 49. Qe4 Kf7 50. f5 Re8 51. Bg3 exf5 52. Qxf5 Bc8 53. Bh5+ Kg7 54. Qg6+ 1-0

[Event "Reunion op 14th"]
[White "Cazal, Julian"]
[Black "Olivier, Tom"]
[Site "St Denis"]
[Round "1"]
[Result "0-1"]
[Date "2012.10.06"]
[WhiteElo "1130"]
[BlackElo "1760"]
[PlyCount "64"]
[EventDate "2012.10.06"]
[EventType "swiss"]
[EventRounds "9"]
[EventCountry "RUF"]
[SourceTitle "EXT 2013"]
[Source "ChessBase"]
[SourceDate "2012.11.22"]
[SourceVersion "1"]
[SourceVersionDate "2012.11.22"]
[SourceQuality "1"]

1. e4 c5 2. Nc3 Nc6 3. Nf3 d6 4. Bc4 e6 5. 0-0 a6 6. d3 Nf6 7. Be3 d5 8. exd5 exd5 9. Bb3 d4 10. Bf4 dxc3 11. Re1+ Be7 12. bxc3 0-0 13. Nh4 Na5 14. Ba4 b5 15. Bb3 Nxb3 16. cxb3 Bd6 17. Bd2 Ng4 18. g3 Ne5 19. Qc1 Nxd3 20. Bg5 Nxc1 21. Bxd8 Nxb3 22. axb3 Rxd8 23. Rad1 Bb7 24. Nf5 Bf8 25. Rxd8 Rxd8 26. Nh4 g6 27. Rb1 Bg7 28. c4 Rd2 29. cxb5 axb5 30. Ra1 Bxa1 31. Ng2 Rd1+ 32. Ne1 Rxe1# 0-1

[Event "Reunion op 13th"]
[White "Olivier, Tom"]
[Black "Bah, Ismael"]
[Site "St Denis"]
[Round "9"]
[Result "1/2-1/2"]
[Date "2011.10.08"]
[WhiteElo "1752"]
[BlackElo "1769"]
[PlyCount "79"]
[EventDate "2011.10.01"]
[EventType "swiss"]
[EventRounds "9"]
[EventCountry "RUF"]
[SourceTitle "EXT 2012"]
[Source "ChessBase"]
[SourceDate "2011.11.24"]
[SourceVersion "1"]
[SourceVersionDate "2011.11.24"]
[SourceQuality "1"]

1. e4 e5 2. f4 exf4 3. Nf3 d6 4. Bc4 Nc6 5. 0-0 Ne5 6. b3 Bg4 7. d4 Nxf3+ 8. gxf3 Bh3 9. Rf2 Qg5+ 10. Kh1 Nf6 11. Nc3 a6 12. Bd2 Be7 13. Qc1 Qh4 14. Re2 Nh5 15. Nd5 Bf1 16. Re1 Ng3+ 17. Kg1 Ne2+ 18. Rxe2 Bxe2 19. Nxc7+ Kd7 20. Nxa8 Rxa8 21. Qe1 Qxe1+ 22. Rxe1 Bxf3 23. Bxf4 Bh5 24. c3 f6 25. Bd5 Rb8 26. h3 g5 27. Bg3 b6 28. Kh2 Rf8 29. a4 Bf7 30. Bxf7 Rxf7 31. Rf1 Rf8 32. Rf5 Ke6 33. d5+ Kd7 34. Bf2 Kc7 35. Bd4 h5 36. h4 b5 37. a5 Kd7 38. Kh3 Ke8 39. Kh2 Rf7 40. Kh3 1/2-1/2

[Event "Reunion op 12th"]
[White "Olivier, Tom"]
[Black "Hoareau, Hugues"]
[Site "St Denis"]
[Round "6"]
[Result "0-1"]
[Date "2010.10.14"]
[WhiteElo "1776"]
[BlackElo "1976"]
[PlyCount "70"]
[EventDate "2010.10.09"]
[EventType "swiss"]
[EventRounds "9"]
[EventCountry "RUF"]
[SourceTitle "CBM 138 Extra"]
[Source "ChessBase"]
[SourceDate "2010.10.29"]
[SourceVersion "1"]
[SourceVersionDate "2010.10.29"]
[SourceQuality "1"]

1. e4 e5 2. f4 exf4 3. Nf3 g5 4. Bc4 Bg7 5. d4 c6 6. Nc3 Na6 7. 0-0 Nc7 8. d5 d6 9. Nd4 c5 10. Ndb5 h6 11. g3 fxg3 12. hxg3 Be5 13. Qf3 Nf6 14. Be3 a6 15. Nxc7+ Qxc7 16. a4 b6 17. Qh1 Qe7 18. Bxg5 Rh7 19. Bf4 Bd4+ 20. Kg2 Ng4 21. Rae1 h5 22. e5 dxe5 23. Ne4 f5 24. d6 Qb7 25. c3 fxe4 26. cxd4 cxd4 27. Bg5 Qc6 28. Bg8 e3+ 29. Kg1 Qxh1+ 30. Kxh1 Bb7+ 31. Kg1 Rg7 32. d7+ Kxd7 33. Rf7+ Rxf7 34. Bxf7 Nf2 35. Bf6 Rf8 0-1

[Event "Reunion op 12th"]
[White "Chan Kai Hou, Fabrice"]
[Black "Olivier, Tom"]
[Site "St Denis"]
[Round "4"]
[Result "1-0"]
[Date "2010.10.11"]
[WhiteElo "1987"]
[BlackElo "1776"]
[PlyCount "63"]
[EventDate "2010.10.09"]
[EventType "swiss"]
[EventRounds "9"]
[EventCountry "RUF"]
[SourceTitle "CBM 138 Extra"]
[Source "ChessBase"]
[SourceDate "2010.10.29"]
[SourceVersion "1"]
[SourceVersionDate "2010.10.29"]
[SourceQuality "1"]

1. d4 d5 2. c4 c6 3. Nf3 Nf6 4. e3 e6 5. Bd3 Nbd7 6. b3 Bd6 7. Bb2 0-0 8. 0-0 Re8 9. Ne5 Qc7 10. f4 c5 11. Nd2 b6 12. cxd5 exd5 13. Qf3 Nf8 14. Qg3 Ng6 15. Rad1 a6 16. e4 Bb7 17. Nxg6 dxe4 18. Bc4 hxg6 19. Rde1 b5 20. Be2 e3 21. Nb1 Re7 22. Qh4 Re4 23. dxc5 Qxc5 24. Rc1 Qf5 25. g4 Rxf4 26. Rxf4 Qxf4 27. Rf1 g5 28. Qh3 Qb4 29. Bc3 Qc5 30. Rxf6 gxf6 31. Bxf6 Qc1+ 32. Bf1 1-0

[Event "Reunion op 12th"]
[White "Firoaguer, Beatrice"]
[Black "Olivier, Tom"]
[Site "St Denis"]
[Round "1"]
[Result "0-1"]
[Date "2010.10.09"]
[WhiteElo "1280"]
[BlackElo "1776"]
[PlyCount "46"]
[EventDate "2010.10.09"]
[EventType "swiss"]
[EventRounds "9"]
[EventCountry "RUF"]
[SourceTitle "CBM 138 Extra"]
[Source "ChessBase"]
[SourceDate "2010.10.29"]
[SourceVersion "1"]
[SourceVersionDate "2010.10.29"]
[SourceQuality "1"]

1. e4 c5 2. Nf3 Nc6 3. Bc4 e6 4. d4 d5 5. Bb3 dxe4 6. Ng5 Nf6 7. 0-0 h6 8. Nh3 cxd4 9. c3 e5 10. f3 e3 11. Bc4 Bc5 12. b4 Bb6 13. a4 a6 14. a5 Ba7 15. Ba3 d3 16. b5 e2+ 17. b6 exd1Q 18. Rxd1 Bxb6+ 19. axb6 Qxb6+ 20. Kh1 Bxh3 21. gxh3 Qf2 22. Nd2 Rd8 23. Rf1 Qxd2 0-1

[Event "Reunion op 11th"]
[White "Olivier, Tom"]
[Black "Rivolo, Anne Claire"]
[Site "St Denis"]
[Round "3"]
[Result "1-0"]
[Date "2009.10.11"]
[WhiteElo "1753"]
[BlackElo "1340"]
[PlyCount "51"]
[EventDate "2009.10.10"]
[EventType "swiss"]
[EventRounds "9"]
[EventCountry "RUF"]
[SourceTitle "CBM 132 Extra"]
[Source "ChessBase"]
[SourceDate "2009.11.03"]
[SourceVersion "1"]
[SourceVersionDate "2009.11.03"]
[SourceQuality "1"]

1. d4 d5 2. c4 e6 3. Nc3 Nf6 4. Bg5 Be7 5. e3 Ne4 6. Bxe7 Qxe7 7. Nxe4 dxe4 8. a3 e5 9. Qb3 exd4 10. exd4 Nc6 11. Ne2 Bg4 12. Qxb7 Rd8 13. Qxc6+ Rd7 14. h3 Bf5 15. Ng3 Bg6 16. Be2 e3 17. 0-0 0-0 18. Qf3 exf2+ 19. Qxf2 Rfd8 20. d5 Rd6 21. Rae1 Qe5 22. Bd3 Qg5 23. Bxg6 Rxg6 24. Qxf7+ Kh8 25. Qf8+ Rxf8 26. Rxf8# 1-0

[Event "Reunion op 10th"]
[White "Seegolam, Atmaram"]
[Black "Olivier, Tom"]
[Site "St Denis"]
[Round "9"]
[Result "1/2-1/2"]
[Date "2008.10.18"]
[WhiteElo "1854"]
[BlackElo "1700"]
[PlyCount "45"]
[EventDate "2008.10.11"]
[EventType "swiss"]
[EventRounds "9"]
[EventCountry "RUF"]
[SourceTitle "EXT 2009"]
[Source "ChessBase"]
[SourceDate "2008.11.26"]
[SourceVersion "1"]
[SourceVersionDate "2008.11.26"]
[SourceQuality "1"]

1. c4 c5 2. Nc3 Nc6 3. g3 d6 4. Bg2 Bd7 5. Nf3 g6 6. 0-0 Bg7 7. d3 Nf6 8. a3 0-0 9. Rb1 a5 10. Bd2 Na7 11. b4 axb4 12. axb4 cxb4 13. Rxb4 Bc6 14. Nd4 Bxg2 15. Kxg2 Nc6 16. Nxc6 bxc6 17. Ra4 Qc7 18. Qb3 Rxa4 19. Qxa4 Rb8 20. Ra1 Nd7 21. Rb1 Rxb1 22. Nxb1 Qb7 23. Qb4 1/2-1/2

[Event "Reunion op 10th"]
[White "Olivier, Tom"]
[Black "Thim Siong, Matthieu"]
[Site "St Denis"]
[Round "8"]
[Result "1-0"]
[Date "2008.10.17"]
[WhiteElo "1700"]
[BlackElo "1699"]
[PlyCount "109"]
[EventDate "2008.10.11"]
[EventType "swiss"]
[EventRounds "9"]
[EventCountry "RUF"]
[SourceTitle "EXT 2009"]
[Source "ChessBase"]
[SourceDate "2008.11.26"]
[SourceVersion "1"]
[SourceVersionDate "2008.11.26"]
[SourceQuality "1"]

1. d4 Nf6 2. c4 e6 3. Nc3 c5 4. d5 exd5 5. cxd5 d6 6. e4 Be7 7. h3 a6 8. a4 0-0 9. Bd3 Re8 10. Nf3 Nbd7 11. 0-0 Nf8 12. Bf4 Ng6 13. Bh2 h6 14. Qc2 Bf8 15. Rfe1 Qc7 16. Re2 Bd7 17. Bg3 Rac8 18. b3 Ne5 19. Nxe5 dxe5 20. Rd1 Bd6 21. Ree1 Qb8 22. Qe2 Kf8 23. Bc4 Qc7 24. Qf3 Rb8 25. Bh4 Ng8 26. Qd3 Ne7 27. Bxe7+ Rxe7 28. Re3 f6 29. Rg3 Be8 30. Re1 Bh5 31. Qd2 Qd7 32. Ree3 Qd8 33. Be2 Qe8 34. Qd1 Bxe2 35. Qxe2 b5 36. axb5 axb5 37. Qg4 Qf7 38. Qf5 c4 39. Ne2 Rc7 40. bxc4 bxc4 41. Ref3 Rbb7 42. Qh7 Ke7 43. Rxg7 Ke8 44. Rxf7 Rxf7 45. Qg6 Ke7 46. Qxh6 Rb1+ 47. Kh2 Rb2 48. Ng3 Rb3 49. Nf5+ Kd7 50. Nxd6 Kxd6 51. Rxf6+ Rxf6 52. Qxf6+ Kc5 53. Qc6+ Kd4 54. d6 Rb8 55. Qd5+ 1-0

[Event "Reunion op 09th"]
[White "Olivier, Tom"]
[Black "Nassau, Pierre Alexandre"]
[Site "Reunion"]
[Round "8"]
[Result "1-0"]
[Date "2007.10.20"]
[WhiteElo "1730"]
[BlackElo "1200"]
[PlyCount "105"]
[EventDate "2007.10.14"]
[EventType "swiss"]
[EventRounds "9"]
[EventCountry "RUF"]
[SourceTitle "EXT 2012"]
[Source "ChessBase"]
[SourceDate "2011.11.24"]
[SourceVersion "1"]
[SourceVersionDate "2011.11.24"]
[SourceQuality "1"]

1. e4 e5 2. Nf3 Nc6 3. Nc3 Nf6 4. a3 d6 5. h3 Be7 6. d4 0-0 7. Bb5 a6 8. Bxc6 bxc6 9. dxe5 dxe5 10. Qxd8 Rxd8 11. Nxe5 Bb7 12. 0-0 Bd6 13. Nf3 c5 14. Bg5 Be7 15. Rad1 c4 16. Rxd8+ Rxd8 17. e5 Bxf3 18. gxf3 Nh5 19. Bxe7 Re8 20. Rd1 h6 21. Bb4 Rxe5 22. Ne4 a5 23. Bc3 Rf5 24. Ng3 Nxg3 25. fxg3 Rxf3 26. Kg2 Re3 27. Re1 Rxe1 28. Bxe1 f5 29. Bxa5 c6 30. Kf3 g5 31. h4 Kf7 32. hxg5 hxg5 33. g4 f4 34. Bd2 Ke6 35. Bxf4 gxf4 36. Kxf4 Kd5 37. g5 Ke6 38. g6 Kf6 39. g7 Kxg7 40. a4 Kf6 41. a5 Ke6 42. a6 Kd5 43. a7 Kd4 44. a8Q c5 45. c3+ Kd3 46. Qe4+ Kd2 47. Qxc4 Kc2 48. Qxc5 Kxb2 49. Qb4+ Kc2 50. c4 Kd1 51. Qb2 Ke1 52. Kf3 Kf1 53. Qb1# 1-0

[Event "Sainte Marie op"]
[White "Fontaine, Willy"]
[Black "Olivier, Tom"]
[Site "Sainte Marie"]
[Round "8"]
[Result "1-0"]
[Date "2005.10.22"]
[WhiteElo "1560"]
[BlackElo "1120"]
[PlyCount "201"]
[EventDate "2005.10.15"]
[EventType "swiss"]
[EventRounds "9"]
[EventCountry "FRA"]
[SourceTitle "EXT 2006"]
[Source "ChessBase"]
[SourceDate "2005.11.24"]
[SourceVersion "1"]
[SourceVersionDate "2005.11.24"]
[SourceQuality "1"]

1. e4 e5 2. Nf3 Nc6 3. Bb5 d6 4. h3 Bd7 5. c3 Nf6 6. d3 Be7 7. 0-0 0-0 8. Na3 a6 9. Ba4 b5 10. Bc2 Qc8 11. Nh2 Rb8 12. Bg5 b4 13. Nb1 a5 14. Qf3 Qd8 15. Bd1 Be6 16. Qe3 h6 17. Bxf6 Bxf6 18. Bg4 Qe7 19. Bxe6 Qxe6 20. Ng4 a4 21. Nxf6+ Qxf6 22. f4 a3 23. bxa3 b3 24. axb3 Rxb3 25. fxe5 Qxe5 26. Qf4 Qxf4 27. Rxf4 Ne5 28. d4 Nd3 29. Rf5 g6 30. Rf3 Ne1 31. Rf1 Nc2 32. Ra2 Ne3 33. Re1 Rfb8 34. Rxe3 Rxb1+ 35. Kh2 R8b3 36. a4 R3b2 37. Ra3 Rb3 38. c4 Rxe3 39. Rxe3 Ra1 40. c5 dxc5 41. dxc5 Rxa4 42. c6 Rc4 43. e5 Rxc6 44. Re4 Re6 45. Rc4 Rxe5 46. Rxc7 f5 47. Rc8+ Kf7 48. Rc7+ Re7 49. Rc6 Re6 50. Rc8 Kf6 51. Rh8 Kg7 52. Rb8 g5 53. Rb7+ Kf6 54. Rh7 Kg6 55. Rh8 Kh5 56. Rf8 Re5 57. Rg8 Re4 58. Kg1 g4 59. Rf8 Re5 60. hxg4+ Kxg4 61. Rg8+ Kh5 62. Kh2 f4 63. Kg1 Kh4 64. Kf2 Rf5 65. Kf3 h5 66. Ke4 Rg5 67. Rf8 Rxg2 68. Kf3 Kh3 69. Rxf4 Rg4 70. Rf5 h4 71. Rh5 Rg3+ 72. Kf2 Kg4 73. Rh8 h3 74. Rg8+ Kh4 75. Rxg3 h2 76. Rg8 Kh3 77. Rh8+ Kg4 78. Rxh2 Kf4 79. Rh4+ Kg5 80. Re4 Kf5 81. Re1 Kf4 82. Re3 Kg4 83. Rf3 Kg5 84. Kg3 Kg6 85. Rf4 Kh5 86. Kf3 Kg5 87. Ke4 Kh5 88. Ke5 Kg5 89. Ke4 Kh5 90. Rf1 Kg4 91. Rg1+ Kh3 92. Kf3 Kh4 93. Rg3 Kh5 94. Rg4 Kh6 95. Kf4 Kh5 96. Kf5 Kh6 97. Rg5 Kh7 98. Kf6 Kh8 99. Kf7 Kh7 100. Rg6 Kh8 101. Rh6# 1-0

[Event "Sainte Marie op"]
[White "Olivier, Tom"]
[Black "Blard, Jerome"]
[Site "Sainte Marie"]
[Round "1"]
[Result "0-1"]
[Date "2005.10.15"]
[WhiteElo "1120"]
[BlackElo "1866"]
[PlyCount "38"]
[EventDate "2005.10.15"]
[EventType "swiss"]
[EventRounds "9"]
[EventCountry "FRA"]
[SourceTitle "EXT 2006"]
[Source "ChessBase"]
[SourceDate "2005.11.24"]
[SourceVersion "1"]
[SourceVersionDate "2005.11.24"]
[SourceQuality "1"]

1. d4 d5 2. Nc3 Nf6 3. Bg5 e6 4. e3 Nbd7 5. Nf3 c6 6. Ne5 Qa5 7. Qd2 Bb4 8. Nd3 Ne4 9. Qd1 Bxc3+ 10. bxc3 Nxg5 11. Be2 Qxc3+ 12. Kf1 0-0 13. Rb1 Ne4 14. Rb3 Nd2+ 15. Kg1 Nxb3 16. Nb2 Qxb2 17. c3 Qxa2 18. Qc2 Qxc2 19. Bd1 Qxd1# 0-1

[Event "Reunion op 07th"]
[White "Fontaine, Willy"]
[Black "Olivier, Tom"]
[Site "Reunion"]
[Round "9"]
[Result "1-0"]
[Date "2004.10.16"]
[WhiteElo "1300"]
[BlackElo "1070"]
[PlyCount "87"]
[EventDate "2004.10.09"]
[EventType "swiss"]
[EventRounds "9"]
[EventCountry "RUF"]
[SourceTitle "CBM 102 Extra"]
[Source "ChessBase"]
[SourceDate "2004.11.03"]
[SourceVersion "1"]
[SourceVersionDate "2004.11.03"]
[SourceQuality "1"]

1. e4 e5 2. Nf3 Nc6 3. c3 Nf6 4. d3 Bc5 5. h3 0-0 6. Be2 d6 7. b4 Bb6 8. a4 a6 9. a5 Ba7 10. 0-0 b5 11. Bg5 h6 12. Bc1 Ne7 13. Nh4 Ng6 14. Nf5 Bxf5 15. exf5 Nf4 16. Bf3 Rb8 17. Be3 Bxe3 18. fxe3 e4 19. dxe4 N4h5 20. Bxh5 d5 21. e5 Ne4 22. Qf3 c6 23. e6 Qg5 24. exf7+ Kh8 25. f6 Ng3 26. fxg7+ Kxg7 27. Qg4 Qxg4 28. Bxg4 Nxf1 29. Kxf1 Rxf7+ 30. Bf3 h5 31. Kg1 h4 32. Nd2 Rbf8 33. Nb3 Kg6 34. Nc5 Re7 35. Nxa6 Rxe3 36. Nc5 Kf5 37. a6 Kf4 38. a7 Kg3 39. a8Q Rxa8 40. Rf1 Rxc3 41. Bg4 Rca3 42. Ne6 Ra1 43. Nd4 c5 44. Ne2# 1-0

[Event "Reunion op 07th"]
[White "Olivier, Tom"]
[Black "Blard, Anthony"]
[Site "Reunion"]
[Round "8"]
[Result "1/2-1/2"]
[Date "2004.10.15"]
[WhiteElo "1070"]
[BlackElo "1110"]
[PlyCount "75"]
[EventDate "2004.10.09"]
[EventType "swiss"]
[EventRounds "9"]
[EventCountry "RUF"]
[SourceTitle "CBM 102 Extra"]
[Source "ChessBase"]
[SourceDate "2004.11.03"]
[SourceVersion "1"]
[SourceVersionDate "2004.11.03"]
[SourceQuality "1"]

1. e4 e5 2. Nf3 Nc6 3. Bb5 Nf6 4. Nc3 Bb4 5. Bxc6 bxc6 6. a3 Bxc3 7. dxc3 d6 8. Ng5 0-0 9. 0-0 Bd7 10. f3 d5 11. exd5 cxd5 12. Nh3 Bxh3 13. gxh3 Nh5 14. Kh1 Qh4 15. Rg1 Qxh3 16. Qxd5 Qe6 17. Qe4 g6 18. Qh4 Ng7 19. Bg5 Nf5 20. Qg4 h5 21. Qe4 f6 22. Be3 Nxe3 23. Qxe3 Rab8 24. Rxg6+ Kf7 25. Qh6 Rg8 26. Qh7+ Kf8 27. Rag1 Rxg6 28. Rxg6 Qf7 29. Qh8+ Ke7 30. Qxh5 Rg8 31. Rh6 Qxh5 32. Rxh5 Rg5 33. Rxg5 fxg5 34. b4 Kd6 35. c4 c6 36. c5+ Kc7 37. c4 a6 38. a4 1/2-1/2